000 00614nam a2200193Ia 4500
008 151121s9999||||xx |||||||||||||| ||und||
082 _a813-/राहाळ
082 _bHNW-14178
100 _aराहाळकर कृ। के।
245 _aकोकण कथा
260 _b"कुलकर्णी पंडित अनंत, पुणे।"
260 _c--
300 _a80
600 _aराहाळकर कृ। के।
630 _aकोकण कथा
700 _aराहाळकर कृ। के।
730 _aकोकण कथा
942 _cBOOK
999 _c1217925
_d1217922